| 000 | 00914nam a22002537a 4500 | ||
|---|---|---|---|
| 005 | 20180226160757.0 | ||
| 010 | _aBAC-EN21 ENG-112020 | ||
| 020 |
_a9788131605851 _c995.00 |
||
| 035 | _aEN-95552 | ||
| 035 | _aB-586991-994 | ||
| 035 | _aB-664881 | ||
| 037 |
_bMallika Books/Ven _adpl |
||
| 037 | _bDBAD/PUB | ||
| 082 | _a301 | ||
| 100 | _aRawat, H. K. | ||
| 245 |
_aContemporary sociology / _cby H. K. Rawat |
||
| 260 |
_aNew Delhi _bRawat Publications _c2013 |
||
| 270 |
_a4858/24, Ansari Road, Daryaganj _bNew Delhi _e110002 |
||
| 300 |
_axii,420p. _c24cm(Hb) _bi |
||
| 500 | _aIncludes bibliographical references and index | ||
| 942 |
_2ddc _cEN _mRAW _h301 |
||
| 999 |
_c89691 _d89691 |
||